LEADER 01347nam0 22002891i 450 001 UON00225101 005 20231205103433.197 010 $a28-02-71215-2 100 $a20030730d1999 |0itac50 ba 101 $afre 102 $aBE 105 $a|||| ||||| 200 1 $aˆLes ‰ procédures internationales d'établissement des faits dans la mise en ouvre du droit international humanitaire$fSylvain Vité$epréface de Luigi Condorelli 210 $aBruxelles$cBrylant$d1999 215 $aXXI, 485 p.$d24 cm. 410 1$1001UON00171617$12001 $aCollection de droit international$fSociéte Belge de Droit International (SBD) $1210 $aBruxelles$cEditions Bruylant$v40 606 $aDiritto umanitario$3UONC034645$2FI 620 $aBE$dBruxelles$3UONL000128 700 1$aVITE'$bSylvain$3UONV136545$0595816 712 $aBruylant$3UONV257533$4650 712 $aUniversité de Bruxelles$3UONV257077$4650 801 $aIT$bSOL$c20250314$gRICA 899 $aSIBA - SISTEMA BIBLIOTECARIO DI ATENEO$2UONSI 912 $aUON00225101 950 $aSIBA - SISTEMA BIBLIOTECARIO DI ATENEO$dSI PUB B 0265 $eSI SC 36213 5 0265 996 $aProcédures internationales d'établissement des faits dans la mise en ouvre du droit international humanitaire$92841156 997 $aUNIOR